| 000 | 00773nam a22001695i 4500 | ||
|---|---|---|---|
| 001 | 173891 | ||
| 003 | ES-MaACL | ||
| 005 | 20240513211129.0 | ||
| 008 | 100128s1842 sp |||| | spa d | ||
| 100 | 1 |
_aDesnoyer, Charles. _943910 |
|
| 245 | 1 | 0 |
_aCada cosa en su tiempo _b: comedia en dos actos / _cescrita en francés por Carlos Desnoyer ; y arreglada para el teatro español por Patricio de la Escosura. |
| 260 |
_aMadrid : _b[s.n.], _c1842 ( _fImp. de Yenes) |
||
| 300 |
_a52 p. ; _c17 cm. |
||
| 700 | 1 |
_aEscosura, Patricio de la, _d1807-1878 _947617 |
|
| 852 |
_aES-MaACL _jF-8625(10) _z.- Enc. pasta española _q.- Falto de la cub. original _z.- Enc. en un vol. facticio formando parte de la col. facticia "Teatro español moderno", vol. 80 |
||
| 999 |
_c173891 _d173891 |
||